<?xml version="1.0" encoding="UTF-8"?>
<record
    xmlns:xsi="http://www.w3.org/2001/XMLSchema-instance"
    xsi:schemaLocation="http://www.loc.gov/MARC21/slim http://www.loc.gov/standards/marcxml/schema/MARC21slim.xsd"
    xmlns="http://www.loc.gov/MARC21/slim">

  <leader>04494nam a2200457Ia 4500</leader>
  <controlfield tag="001">dia_5835</controlfield>
  <controlfield tag="003">CHAP</controlfield>
  <controlfield tag="005">20240830140452.0</controlfield>
  <controlfield tag="007">ta</controlfield>
  <controlfield tag="008">220117s2014    mx ado frm    001 0 spa d</controlfield>
  <datafield tag="010" ind1=" " ind2=" ">
    <subfield code="a">176838</subfield>
  </datafield>
  <datafield tag="040" ind1=" " ind2=" ">
    <subfield code="c">CHAP</subfield>
    <subfield code="a">mxchpua</subfield>
    <subfield code="e">rda</subfield>
  </datafield>
  <datafield tag="041" ind1="0" ind2=" ">
    <subfield code="a">spa</subfield>
    <subfield code="b">eng</subfield>
  </datafield>
  <datafield tag="090" ind1=" " ind2=" ">
    <subfield code="a">Tesis </subfield>
    <subfield code="b">S54 </subfield>
    <subfield code="c">2014</subfield>
  </datafield>
  <datafield tag="100" ind1="1" ind2=" ">
    <subfield code="a">Sierra Zurita, Donaji</subfield>
  </datafield>
  <datafield tag="245" ind1="1" ind2="0">
    <subfield code="a">Elaboraci&#xF3;n de una bebida a base de coco adicionada con alfa tocoferol microencapsulado /</subfield>
    <subfield code="c">Donaji Sierra Zurita</subfield>
  </datafield>
  <datafield tag="264" ind1=" " ind2=" ">
    <subfield code="a">Chapingo, M&#xE9;xico :</subfield>
    <subfield code="b">El autor,</subfield>
    <subfield code="c">2014</subfield>
  </datafield>
  <datafield tag="300" ind1=" " ind2=" ">
    <subfield code="a">vii, 84 hojas :</subfield>
    <subfield code="b">ilustraciones, gr&#xE1;ficas, tablas, fotos +</subfield>
    <subfield code="e">1 CD-ROM</subfield>
  </datafield>
  <datafield tag="336" ind1=" " ind2=" ">
    <subfield code="2">rdacontnet</subfield>
    <subfield code="a">texto</subfield>
    <subfield code="b">txt</subfield>
  </datafield>
  <datafield tag="337" ind1=" " ind2=" ">
    <subfield code="2">rdamedia</subfield>
    <subfield code="a">no mediado</subfield>
    <subfield code="b">n</subfield>
  </datafield>
  <datafield tag="338" ind1=" " ind2=" ">
    <subfield code="2">rdacarrier</subfield>
    <subfield code="a">volumen</subfield>
    <subfield code="b">nc</subfield>
  </datafield>
  <datafield tag="500" ind1=" " ind2=" ">
    <subfield code="a">El CD contiene presentaci&#xF3;n, resumen y reporte.</subfield>
  </datafield>
  <datafield tag="502" ind1=" " ind2=" ">
    <subfield code="a">Tesis </subfield>
    <subfield code="b">(Ingeniero Agroindustrial) -- </subfield>
    <subfield code="c">UACh. Departamento de Ingenier&#xED;a Agroindustrial, </subfield>
    <subfield code="d">2014</subfield>
  </datafield>
  <datafield tag="504" ind1=" " ind2=" ">
    <subfield code="a">Bibliograf&#xED;a: hojas 74-84</subfield>
  </datafield>
  <datafield tag="520" ind1="3" ind2=" ">
    <subfield code="a">El objetivo de este trabajo fue establecer las condiciones para la formaci&#xF3;n de liposomas, para la encapsulaci&#xF3;n de  ?-tocoferol mediante la conformaci&#xF3;n de un doble recubrimiento  compuesto por complejos caseinato de sodio (Cs)-pectina c&#xED;trica (Pc), para su incorporaci&#xF3;n en una bebida a base de coco. Se estudiaron 3 valores de pH en 4.0, 5.0 y 5.5; as&#xED;, como 3 relaciones biopolim&#xE9;ricas en 1:1, 2:1, 3:1 y 4:1 para la formaci&#xF3;n de complejos Cs: Pc, los cuales se monitorearon en estabilidad en el tiempo y potencial zeta. Con las condiciones anteriores, se seleccionaron 3 tratamientos L4:1,5, L3:1,5 y L2:1,4, los cuales mostraron floculaci&#xF3;n de los liposomas formados despu&#xE9;s de los 21 d&#xED;as, a estos tratamientos se caracterizaron mediante pruebas  calorim&#xE9;tricas, reol&#xF3;gicas y eficiencia de encapsulaci&#xF3;n.  A partir de los valores de eficiencia de encapsulaci&#xF3;n se eligi&#xF3; el tratamiento L3:1,5, el cu&#xE1;l proporcion&#xF3; la mejor eficiencia de entrampamiento, por lo que este fue el que se emple&#xF3; para su incorporaci&#xF3;n en la  bebida de coco. Variantes del 25, 50 y 75 %  del tratamiento seleccionado se incorporaron en la bebida de coco y se evaluaron mediante evaluaci&#xF3;n sensorial por aceptabilidad global. La adici&#xF3;n de un 50 % de liposomas en la bebida de coco mostr&#xF3; una mejor aceptabilidad por los consumidores. La incorporaci&#xF3;n de ?-tocoferol mediante liposomas en una bebida de coco, es una alternativa adecuada para promover el mayor consumo de bebidas de coco, fortificadas con antioxidantes --</subfield>
  </datafield>
  <datafield tag="520" ind1="3" ind2=" ">
    <subfield code="a">The aim of this study was to establish the conditions for the formation of liposomes for encapsulation of ?-tocopherol by forming a double coating comprising sodium caseinate complex (Cs) citrus pectin (Pc) for incorporation in a drink coco-based. 3 pH values were studied in 4.0, 5.0 and 5.5; as well as 3 biopolymer ratios 1:1, 2:1, 3:1 and 4:1 complexes for the formation of Cs: Pc, which are monitored in stability over time and zeta potential. With the above conditions, 3 treatments were selected L4:1,5, L3:1,5 y L2:1,4, which showed flocculation of liposomes after 21 days, formed these treatments were characterized by calorimetric tests rheological and encapsulation efficiency. From the values of encapsulation efficiency of the treatment was chosen L3:1,5, which provided the best efficiency of entrapment, so this was the one that was used for incorporation into the coconut drink. Variations 25, 50 and 75 % of the selected treatment is incorporated into the coconut drink and were evaluated by sensory evaluation for overall acceptability. Adding 50 % of liposomes coconut drink showed improved consumer acceptability. The incorporation of ?-tocopherol in liposomes by a coconut drink, is a suitable alternative to promote increased consumption of coconut drinks, fortified with antioxidants.</subfield>
  </datafield>
  <datafield tag="650" ind1="1" ind2="3">
    <subfield code="a">Antioxidantes   </subfield>
    <subfield code="2">atg</subfield>
  </datafield>
  <datafield tag="650" ind1="1" ind2="3">
    <subfield code="a">Bebidas a base de fruta  </subfield>
    <subfield code="2">atg</subfield>
  </datafield>
  <datafield tag="650" ind1="1" ind2="3">
    <subfield code="a">Productos derivados del coco  </subfield>
    <subfield code="2">atg</subfield>
  </datafield>
  <datafield tag="650" ind1="1" ind2="3">
    <subfield code="a">Antioxidants</subfield>
    <subfield code="2">atg</subfield>
  </datafield>
  <datafield tag="650" ind1="1" ind2="3">
    <subfield code="a">Coconut products  </subfield>
    <subfield code="2">atg</subfield>
  </datafield>
  <datafield tag="650" ind1="1" ind2="3">
    <subfield code="a">Fruit drinks  </subfield>
    <subfield code="2">atg</subfield>
  </datafield>
  <datafield tag="700" ind1="1" ind2=" ">
    <subfield code="a">Aguirre Mandujano, Eleazar</subfield>
    <subfield code="e">director</subfield>
  </datafield>
  <datafield tag="700" ind1="1" ind2=" ">
    <subfield code="a">Cuevas Bernardino, Juan Carlos</subfield>
    <subfield code="e">asesor</subfield>
  </datafield>
  <datafield tag="700" ind1="1" ind2=" ">
    <subfield code="a">Hern&#xE1;ndez Rodr&#xED;guez, Landy</subfield>
    <subfield code="e">asesora</subfield>
  </datafield>
  <datafield tag="856" ind1="4" ind2="1">
    <subfield code="u">http://10.13.5.2/tesis/sist110404.pdf</subfield>
    <subfield code="y">DESCARGAR PDF</subfield>
  </datafield>
  <datafield tag="901" ind1=" " ind2=" ">
    <subfield code="a">TESIS S54 2014</subfield>
  </datafield>
  <datafield tag="902" ind1=" " ind2=" ">
    <subfield code="a">M</subfield>
  </datafield>
  <datafield tag="905" ind1=" " ind2=" ">
    <subfield code="a">5232272014                          mx nmal8223123322spa16</subfield>
  </datafield>
  <datafield tag="942" ind1=" " ind2=" ">
    <subfield code="c">TESIS</subfield>
    <subfield code="2">Clasificaci&#xF3;n Universidad Aut&#xF3;noma Chapingo</subfield>
  </datafield>
  <datafield tag="999" ind1=" " ind2=" ">
    <subfield code="c">176838</subfield>
    <subfield code="d">176838</subfield>
  </datafield>
  <datafield tag="952" ind1=" " ind2=" ">
    <subfield code="0">0</subfield>
    <subfield code="1">0</subfield>
    <subfield code="2">local</subfield>
    <subfield code="4">0</subfield>
    <subfield code="5">5</subfield>
    <subfield code="7">0</subfield>
    <subfield code="8">TESIS</subfield>
    <subfield code="a">IA_</subfield>
    <subfield code="b">IA_</subfield>
    <subfield code="d">2022-01-18</subfield>
    <subfield code="e">El autor</subfield>
    <subfield code="l">1</subfield>
    <subfield code="o">Tesis S54 2014</subfield>
    <subfield code="p">1101008870</subfield>
    <subfield code="r">2024-09-10 17:45:20</subfield>
    <subfield code="s">2024-09-10</subfield>
    <subfield code="t">Ej. 3</subfield>
    <subfield code="w">2022-01-18</subfield>
    <subfield code="y">CD</subfield>
  </datafield>
  <datafield tag="952" ind1=" " ind2=" ">
    <subfield code="0">0</subfield>
    <subfield code="1">0</subfield>
    <subfield code="2">local</subfield>
    <subfield code="4">0</subfield>
    <subfield code="5">1</subfield>
    <subfield code="7">0</subfield>
    <subfield code="8">TESIS</subfield>
    <subfield code="a">IA_</subfield>
    <subfield code="b">IA_</subfield>
    <subfield code="d">2022-01-18</subfield>
    <subfield code="e">El autor</subfield>
    <subfield code="l">0</subfield>
    <subfield code="o">Tesis S54 2014</subfield>
    <subfield code="p">1101008868</subfield>
    <subfield code="r">2026-02-02 00:00:00</subfield>
    <subfield code="t">Ej. 1</subfield>
    <subfield code="w">2022-01-18</subfield>
    <subfield code="y">TESIS</subfield>
  </datafield>
  <datafield tag="952" ind1=" " ind2=" ">
    <subfield code="0">0</subfield>
    <subfield code="1">0</subfield>
    <subfield code="2">local</subfield>
    <subfield code="4">0</subfield>
    <subfield code="5">1</subfield>
    <subfield code="7">0</subfield>
    <subfield code="8">TESIS</subfield>
    <subfield code="a">IA_</subfield>
    <subfield code="b">IA_</subfield>
    <subfield code="d">2022-01-18</subfield>
    <subfield code="e">El autor</subfield>
    <subfield code="l">0</subfield>
    <subfield code="o">Tesis S54 2014</subfield>
    <subfield code="p">1101008869</subfield>
    <subfield code="r">2022-01-18 00:00:00</subfield>
    <subfield code="t">Ej. 2</subfield>
    <subfield code="w">2022-01-18</subfield>
    <subfield code="y">CD</subfield>
  </datafield>
  <datafield tag="952" ind1=" " ind2=" ">
    <subfield code="0">0</subfield>
    <subfield code="1">0</subfield>
    <subfield code="2">local</subfield>
    <subfield code="4">0</subfield>
    <subfield code="7">0</subfield>
    <subfield code="8">TesDigL</subfield>
    <subfield code="a">IA_</subfield>
    <subfield code="b">IA_</subfield>
    <subfield code="c">E_L</subfield>
    <subfield code="d">2024-08-30</subfield>
    <subfield code="e">El autor</subfield>
    <subfield code="l">0</subfield>
    <subfield code="p">1201008868</subfield>
    <subfield code="r">2024-08-30 15:07:54</subfield>
    <subfield code="w">2024-08-30</subfield>
    <subfield code="y">TD</subfield>
  </datafield>
</record>
